000 00988nam0a22002651 4500
001 v19\rc\1935365
005 20260406194154.0
035 _a(NLR Aleph) 005019797
090 _a6576802
_c6576803
100 _a20080404d1916 u y0rusy50 ca
101 0 _arus
102 _aRU
105 _ay z |||||
200 1 _aУстав Союза потребительных обществ Северо-Восточного района
_e[Утв. 26 авг. 1915 г.]
210 _aПермь
_d1916
215 _a31 с.
_d17
517 0 _aУстав Союза потребительных обществ Северо-Восточного района
710 0 2 _aСоюз потребительских обществ Северо-Восточного района
_9410425
_3RU\NLR\AUTH\889957159
801 0 _aRU
_bNLR
_gpsbo
801 0 _aRU
_bRuMoRGB
_2psbo
801 1 _aRU
_bProSoft-M
_2rusmarc
852 _aNLR
_j37.61.6.328
899 _aRuMoRGB
_jV 112/3053
942 _cBOOK
980 _aNB